Juhász Gyula [gyászjelentés]
Elmentve itt :
| Dokumentumtípus: | Cikk |
|---|---|
| Megjelent: |
1937-04-08
|
| Sorozat: | Délmagyarország
13 No. 78 |
| Kulcsszavak: | Juhász Gyula, Gyászjelentés |
| Online Access: | http://dmarchiv.bibl.u-szeged.hu/40435 |
| LEADER | 00420nab a2200145 i 4500 | ||
|---|---|---|---|
| 001 | delm40435 | ||
| 005 | 20180927130029.0 | ||
| 008 | 180927s1937 hu o 0|| hun d | ||
| 040 | |a SZTE Délmagyarország Archívum |b hun | ||
| 041 | |a hun | ||
| 245 | 0 | 0 | |a Juhász Gyula |h [elektronikus dokumentum] : |b [gyászjelentés] |
| 260 | |c 1937-04-08 | ||
| 300 | |a 7 | ||
| 490 | 0 | |a Délmagyarország |v 13 No. 78 | |
| 695 | |a Juhász Gyula, Gyászjelentés | ||